[Event "EICC 2019"]
[Site "Skopia"]
[Date "2019.03.21"]
[Round "4.33"]
[White "Thybo, Jesper Sondergaard"]
[Black "Ragger, Markus"]
[Result "1/2-1/2"]
[WhiteElo "2525"]
[BlackElo "2696"]
[Annotator "TA"]
[PlyCount "65"]
[EventDate "2019.03.18"]
[EventType "swiss"]
[EventCountry "MKD"]
[SourceTitle "playchess.com"]
[Source "ChessBase"]
[SourceQuality "1"]

{[%evp 15,65,14,38,10,38,30,24,26,31,21,29,34,31,39,39,29,31,30,25,29,26,26,35,0,0,0,49,0,14,-37,0,-14,0,0,47,0,0,0,0,0,56,51,66,33,72,0,0,0,56,0,0,0]} 1. d4 Nf6 2. c4 g6 3. Nc3 d5 4. cxd5 Nxd5 5. e4 Nxc3 6. bxc3 Bg7 7. Be3 c5 8. Nf3 Qa5 9. Nd2 {D85: Exchange Grünfeld: Unusual White 7th moves and lines with 7 Nf3} Nd7 (9... Bd7 10. Rb1 Ba4 11. Qxa4+ Qxa4 12. Bb5+ Qxb5 13. Rxb5 b6 14. dxc5 Nd7 15. Ke2 Bxc3 16. Nb3 O-O {½-½ (28) Navara,D (2741)-Vachier Lagrave,M (2779) Biel 2018}) 10. Qc2 O-O 11. Be2 {White has an edge.} cxd4 12. cxd4 Nb6 13. O-O Be6 14. Nb3 Qa4 15. Qc7 {Black should prevent Nc5.} Bc4 $146 ({Predecessor:} 15... Qd7 16. Rac1 Bxb3 17. axb3 {1-0 (54) Stocek,J (2581)-Jansa,V (2435) Germany 2017}) 16. Bxc4 Nxc4 17. Qxe7 b6 18. e5 Qc6 19. Qh4 f6 20. exf6 Bxf6 21. Qh3 Qd5 22. Rad1 (22. Rae1 $11) 22... Rad8 23. Nc1 Nd6 24. Nd3 {Nf4 is the strong threat.} Qxa2 25. d5 Nf5 ({Much weaker is} 25... Qxd5 26. Nc5 $16) 26. Nf4 {[#] And now Ne6 would win.} Rf7 27. Qf3 Qa4 (27... Re8 $11) 28. Ne6 $14 Re8 29. Bg5 $1 Be5 {With the idea ...Ng3.} 30. Nd8 ({White should try} 30. Rfe1 $16) 30... Rff8 $11 31. Ne6 ({White should play} 31. d6 $11 Qb5 32. d7 Rxd8 33. Bxd8 Rxd8 34. Rfe1) 31... Rf7 $1 $14 32. Nd8 (32. Qe2 $14 Bh8 33. Rfe1) 32... Rff8 33. Ne6 {Accuracy: White = 41%, Black = 63%.} 1/2-1/2

[Event "EICC 2019"]
[Site "Skopia"]
[Date "2019.03.21"]
[Round "4.34"]
[White "Grandelius, Nils"]
[Black "Keymer, Vincent"]
[Result "1-0"]
[WhiteElo "2694"]
[BlackElo "2509"]
[Annotator "TA"]
[PlyCount "57"]
[EventDate "2019.03.18"]
[EventType "swiss"]
[EventCountry "MKD"]
[SourceTitle "playchess.com"]
[Source "ChessBase"]
[SourceQuality "1"]

{[%evp 14,57,21,0,0,-24,16,14,14,17,13,0,60,59,197,207,185,156,206,104,341,357,363,336,352,360,372,350,350,350,404,418,501,507,493,409,657,562,859,811,1036,959,29989,29990,29993,29994]} 1. e4 c5 2. Nf3 d6 3. d4 cxd4 4. Nxd4 Nf6 5. Nc3 a6 6. Bg5 e6 7. f4 Qb6 8. a3 Nbd7 {B97: Sicilian Najdorf: Poisoned Pawn} (8... Nc6 9. Nb3 Qe3+ 10. Qe2 Qxe2+ 11. Bxe2 Be7 12. O-O-O Nd7 13. Rd2 Nc5 14. Nxc5 Bxg5 15. fxg5 dxc5 16. Na4 Nd4 17. Bd1 {1-0 (30) Adhiban,B (2689)-Andriasian,Z (2604) chess.com INT 2019}) 9. Bh4 Be7 10. Bf2 $1 {Hoping for Nxe6!} Qc7 {The position is equal.} 11. g4 Nc5 12. Bg2 h6 $146 (12... d5 $1 $11) ({Predecessor:} 12... d5 13. exd5 Qxf4 14. Qf3 Qe5+ 15. Nde2 exd5 16. h3 {½-½ (29) Polakovic,P (2452)-Nekhaev,A (2512) ICCF email 2016}) 13. Qe2 $36 {[%mdl 2048] White has some pressure.} g5 (13... e5 $14 14. Nf5 Ne6) 14. e5 $18 dxe5 15. fxe5 Nfd7 {[#]} 16. Bg3 (16. O-O-O $1 $18) 16... Nf8 $2 {[#]} (16... Nb6 $16 {was necessary.}) 17. Nf5 $1 {[%mdl 512] Black must now prevent Nd6+.} exf5 18. Nd5 Qd8 {[#] Strongly threatening ...f4.} 19. O-O-O $1 Be6 {[#]} 20. Nf6+ $1 {[%mdl 512]} Bxf6 21. exf6 Nb3+ 22. cxb3 Qc8+ 23. Kb1 f4 24. Bf2 Nd7 (24... Ng6 $142 25. Rc1 Qd8) 25. h4 Rg8 26. hxg5 hxg5 27. Rd6 Kf8 28. Rxe6 fxe6 29. Qxe6 {Accuracy: White = 65%, Black = 23%.} 1-0

[Event "EICC 2019"]
[Site "Skopia"]
[Date "2019.03.21"]
[Round "4.35"]
[White "Sivuk, Vitaly"]
[Black "Nisipeanu, Liviu-Dieter"]
[Result "1/2-1/2"]
[WhiteElo "2514"]
[BlackElo "2670"]
[Annotator "TA"]
[PlyCount "54"]
[EventDate "2019.03.18"]
[EventType "swiss"]
[EventCountry "MKD"]
[SourceTitle "playchess.com"]
[Source "ChessBase"]
[SourceQuality "1"]

{[%evp 33,54,14,25,24,26,22,37,18,27,35,36,34,23,38,63,79,31,19,37,33,24,25,29]} 1. c4 Nf6 2. Nc3 c5 3. Nf3 e6 4. g3 b6 5. Bg2 Bb7 6. O-O d6 7. d4 cxd4 8. Qxd4 a6 9. Rd1 Nbd7 10. b3 Be7 11. e4 Qc8 12. Bb2 O-O 13. Rac1 Re8 {A30: Symmetrical English: Double Fianchetto and Hedgehog} 14. h3 Qc7 15. Qe3 (15. Nh2 Rad8 16. Ng4 Bf8 17. Nxf6+ Nxf6 18. Qe3 Nd7 19. h4 Qb8 20. g4 Ba8 {1-0 (87) Bu,X (2708)-Adams,M (2729) Yerevan 2008}) 15... Rac8 16. Nd4 Qb8 17. Re1 Bf8 {LiveBook: 9 Games} 18. Rcd1 h5 $146 ({Predecessor:} 18... Ba8 19. Qd3 Red8 20. Qe2 Re8 {1-0 (65) Dzagnidze,N (2528)-Babiy,O (2359) Riga 2017}) 19. Re2 Ba8 20. Kh1 Nc5 21. f4 {[%cal Bf2f4,Bf4e5][%mdl 32]} g6 22. e5 dxe5 23. fxe5 Nh7 24. Bxa8 Qxa8+ 25. Qf3 Rc7 26. Qxa8 Rxa8 27. Nf3 Be7 1/2-1/2

[Event "EICC 2019"]
[Site "Skopia"]
[Date "2019.03.21"]
[Round "4.36"]
[White "Ponomariov, Ruslan"]
[Black "Blagojevic, Dragisa"]
[Result "1-0"]
[WhiteElo "2667"]
[BlackElo "2498"]
[Annotator "TA"]
[PlyCount "53"]
[EventDate "2019.03.18"]
[EventType "swiss"]
[EventCountry "MKD"]
[SourceTitle "playchess.com"]
[Source "ChessBase"]
[SourceQuality "1"]

{[%evp 15,53,41,47,37,43,43,36,37,49,48,57,49,50,57,42,41,82,80,103,116,112,68,136,129,654,642,653,636,643,637,1250,1070,1508,802,755,753,29995,29996,29998,29999]} 1. e4 e5 2. Nf3 Nc6 3. Bb5 a6 4. Ba4 Nf6 5. O-O Be7 6. Re1 d6 7. c3 Bg4 8. d3 Nd7 9. Nbd2 {C87: Closed Ruy Lopez: Steinitz-type lines after 6 Re1 d6} (9. Bc2 O-O 10. Nbd2 Bg5 11. h3 Bxf3 12. Nxf3 Bxc1 13. Rxc1 Qf6 14. d4 Rad8 15. a3 Ne7 16. Nh2 c5 {½-½ (120) Grischuk,A (2766)-Mamedyarov,S (2808) Leuven 2018}) 9... Nc5 10. h3 Bh5 11. Bxc6+ {White is slightly better.} bxc6 12. d4 Nd3 13. Re3 Nxc1 14. Qa4 Qd7 15. Rxc1 f6 16. Rd3 {[#]} exd4 $146 ({Predecessor:} 16... O-O 17. dxe5 fxe5 18. Nxe5 {1-0 (37) Tari,A (2625)-Dragnev,V (2511) Caleta 2019}) 17. cxd4 d5 18. Rxc6 (18. e5 {keeps more tension.} c5 19. Qa5 O-O 20. exf6 Rxf6 21. dxc5 c6 22. Re3) 18... dxe4 (18... O-O $14) 19. Nxe4 $16 Bf7 $2 {[%mdl 8192] [#]} (19... O-O $16) 20. Nc5 $18 Bxc5 21. dxc5 Qxd3 22. Rxf6+ Kf8 {[#]} 23. Rxf7+ $1 {[%mdl 576] Double Attack} Kg8 (23... Kxf7 24. Ne5+) 24. Qc6 {Threatening mate with Ng5.} Qb1+ 25. Kh2 {Ng5 would kill now.} Kxf7 26. Ng5+ Ke7 27. Qe6+ {Accuracy: White = 60%, Black = 38%.} 1-0

[Event "EICC 2019"]
[Site "Skopia"]
[Date "2019.03.21"]
[Round "4.37"]
[White "Dreev, Aleksey"]
[Black "Neverov, Valeriy"]
[Result "1-0"]
[WhiteElo "2662"]
[BlackElo "2496"]
[Annotator "TA"]
[PlyCount "71"]
[EventDate "2019.03.18"]
[EventType "swiss"]
[EventCountry "MKD"]
[SourceTitle "playchess.com"]
[Source "ChessBase"]
[SourceQuality "1"]

{[%evp 9,71,27,25,14,3,-23,9,16,31,15,23,11,60,55,108,83,118,121,152,125,464,458,452,468,445,350,326,354,467,428,418,412,504,500,485,464,464,356,512,505,458,225,238,233,234,207,214,229,351,348,362,326,381,362,393,260,388,383,474,452,508,501,495,492]} 1. d4 d5 2. c4 e6 3. Nc3 Nf6 4. Nf3 Be7 5. Bf4 O-O 6. a3 {D37: Queen's Gambit Declined: 5 Bf4} b6 7. Qc2 (7. e3 Bb7 8. cxd5 Nxd5 9. Nxd5 exd5 10. b4 Nd7 11. Bd3 Nf6 12. O-O Bd6 13. Qc2 Bxf4 14. exf4 {1-0 (27) Korobov,A (2703)-Anand,V (2773) Germany 2019}) 7... c5 8. Rd1 {The position is equal.} Bb7 9. cxd5 exd5 10. g3 c4 11. Bg2 a6 $146 (11... Nc6 $14) ({Predecessor:} 11... Nc6 12. O-O a6 13. Ne5 h6 {1-0 (45) Vaibhav,S (2556)-Omar,N (2377) Abu Dhabi 2016}) 12. Ng5 $16 h6 {[#]} 13. h4 $1 b5 14. Be5 $40 {[%mdl 128] White goes for the king.} g6 $2 {[%mdl 8192]} (14... Nbd7 $16 {is more resistant.}) 15. h5 $18 (15. Ne6 Qb6 $18) 15... Nxh5 {[#]} 16. Ne6 $1 {[%cal Re6d8][%mdl 576] Double Attack} Qd7 (16... fxe6 17. Qxg6+) 17. Nxf8 Bxf8 {[#]} 18. g4 $1 {[%mdl 512]} Ng7 (18... Qxg4 19. Bf3) 19. Rxh6 Qxg4 20. Nxd5 {[%cal Rd5f6]} (20. Bxd5 Bxd5 21. Nxd5 Nd7 $18) 20... Nd7 21. Ne3 {[%mdl 64] Discovered Attack} Qg5 22. Bxb7 Ra7 23. Rh1 ({Not} 23. Bxg7 Bxg7 24. Rh3 Rxb7 $18) 23... Rxb7 (23... Nxe5 {was called for.} 24. dxe5 Rxb7) 24. Qe4 Rb6 25. Qg4 (25. f4 $142 Qd8 26. Nd5) 25... Qxg4 26. Nxg4 Nh5 27. Bc7 Rc6 28. Ba5 c3 (28... Bg7 $142 29. Ne3 Ndf6) 29. Bxc3 Bxa3 30. d5 Rc8 31. Ra1 Bf8 32. e3 f5 (32... Rc5 $142 33. Ke2 Bg7 34. Rxa6 Bxc3 35. bxc3 Rxd5) 33. Ne5 Rxc3 34. Nxd7 {White is clearly winning.} ({Less strong is} 34. bxc3 Nxe5 35. Rxa6 Bg7 $18) 34... Rc2 35. Nxf8 Kxf8 36. Rh4 {Accuracy: White = 71%, Black = 44%.} 1-0

[Event "EICC 2019"]
[Site "Skopia"]
[Date "2019.03.21"]
[Round "4.38"]
[White "Goryachkina, Aleksandra"]
[Black "Edouard, Romain"]
[Result "1/2-1/2"]
[WhiteElo "2504"]
[BlackElo "2658"]
[Annotator "TA"]
[PlyCount "38"]
[EventDate "2019.03.18"]
[EventType "swiss"]
[EventCountry "MKD"]
[SourceTitle "playchess.com"]
[Source "ChessBase"]
[SourceQuality "1"]

{[%evp 9,38,22,19,20,22,22,25,25,25,19,28,28,31,32,35,10,12,12,9,18,22,8,12,12,18,6,12,0,0,0,0]} 1. d4 e6 2. c4 Bb4+ 3. Bd2 a5 4. e4 d5 5. a3 Bxd2+ 6. Nxd2 {A40: Unusual replies to 1 d4} dxe4 7. Nxe4 Nf6 8. Nc3 {White has an edge.} O-O 9. Be2 $146 ({Predecessor:} 9. Nf3 Qe7 10. Be2 Rd8 11. Qc2 c5 12. dxc5 Qxc5 {½-½ (23) Danielian,E (2490)-Paehtz,E (2454) Wijk aan Zee 2012}) 9... Na6 10. Nf3 c5 11. O-O Qb6 12. Na4 Qc7 {The position is equal.} 13. Nxc5 Nxc5 14. dxc5 Qxc5 15. Qd4 Qxd4 16. Nxd4 a4 17. f4 Bd7 18. Bf3 Rac8 19. Rac1 Rc7 1/2-1/2

[Event "EICC 2019"]
[Site "Skopia"]
[Date "2019.03.21"]
[Round "4.39"]
[White "Kovalenko, Igor"]
[Black "Matviishen, Viktor"]
[Result "1-0"]
[WhiteElo "2658"]
[BlackElo "2490"]
[Annotator "TA"]
[PlyCount "91"]
[EventDate "2019.03.18"]
[EventType "swiss"]
[EventCountry "MKD"]
[SourceTitle "playchess.com"]
[Source "ChessBase"]
[SourceQuality "1"]

{[%evp 15,91,12,11,-10,-5,-18,0,0,0,0,0,0,0,0,0,-29,-23,-20,-20,-20,-11,0,-13,-29,0,-12,0,0,0,0,0,-46,0,-21,-8,-8,-8,-8,0,-26,5,6,12,0,40,27,28,0,81,16,146,149,143,137,137,141,156,152,160,132,343,343,337,316,326,312,356,348,327,329,365,364,438,423,403,406,489,485]} 1. c4 Nf6 2. Nf3 c5 3. Nc3 Nc6 4. g3 d5 5. cxd5 Nxd5 6. Bg2 Nc7 7. d3 e5 8. Nd2 Bd7 9. Nc4 {A34: Symmetrical English: 2 Nc3, lines with ...d5} b5 10. Ne3 Rb8 11. O-O {The position is equal.} Bd6 12. a4 a6 13. axb5 axb5 {[#]} 14. Ne4 $146 ({Predecessor:} 14. f4 exf4 15. gxf4 O-O 16. Ne4 Be7 {0-1 (40) Timman,J (2578)-Van Wely,L (2617) Wijk aan Zee 2004}) 14... Be7 15. f4 exf4 16. Rxf4 O-O 17. Nf5 $1 Bxf5 18. Rxf5 Nd4 {[%cal Bc6d4,Bd4c2,Bc2b4,Bb4d3][%mdl 32]} 19. Rf1 f5 20. Nc3 b4 21. Na4 b3 {With the idea ...Nc2.} 22. Nc3 Nc2 23. Ra4 Rb4 24. e3 Bg5 {White must now prevent ...Rxa4.} 25. Qf3 $1 Rxa4 ({But not} 25... Qxd3 $6 26. Rd1 $16) 26. Nxa4 Qe7 27. Qb7 Nb4 28. Kh1 Qd6 29. Bd2 {aiming for Nxc5!} Nxd3 30. Qxb3+ Kh8 31. Ba5 {Bxc7 is the strong threat.} Ne6 (31... Na6 $11) 32. Bd5 (32. Nb6 $1 $16) 32... Qa6 {[#]} (32... Ne5 $1 $11 {remains equal.}) 33. Qb6 $1 $36 {[%cal Rb6a6][%mdl 2048] Keeping Black busy.} ({Much worse is} 33. Bxe6 $6 Nb4 $11) 33... Qxb6 34. Bxb6 Rf6 35. e4 {Hoping for e5!} f4 36. Bc4 fxg3 37. Bxd3 g2+ $2 (37... Nf4 $16) 38. Kxg2 $18 Nf4+ 39. Rxf4 $1 Bxf4 40. Bxc5 Rg6+ 41. Kh1 Rh6 {[#]} 42. Bg1 $1 Rd6 43. Nc5 g5 44. h3 Kg7 45. Kg2 Kf7 46. Bc4+ {Accuracy: White = 60%, Black = 47%.} 1-0

[Event "EICC 2019"]
[Site "Skopia"]
[Date "2019.03.21"]
[Round "4.40"]
[White "Enchev, Ivajlo"]
[Black "Parligras, Mircea-Emilian"]
[Result "1/2-1/2"]
[WhiteElo "2490"]
[BlackElo "2657"]
[Annotator "TA"]
[PlyCount "67"]
[EventDate "2019.03.18"]
[EventType "swiss"]
[EventCountry "MKD"]
[SourceTitle "playchess.com"]
[Source "ChessBase"]
[SourceQuality "1"]

{[%evp 29,67,0,0,0,0,0,0,0,0,0,0,-4,0,-24,-13,-17,-13,-46,-44,-54,-47,-57,-36,-44,-42,-50,-41,-41,-44,-33,0,-28,0,-14,-14,-14,-13,-14,0,0]} 1. d4 Nf6 2. c4 e6 3. Nf3 d5 4. g3 Bb4+ 5. Bd2 Bd6 6. Bg2 c6 7. Qc2 O-O 8. O-O Nbd7 9. Bg5 h6 10. Bxf6 Nxf6 11. Nbd2 b6 {E01: Catalan: Early deviations} 12. e4 Be7 13. e5 Nd7 14. cxd5 cxd5 15. Rfc1 Nb8 {LiveBook: 23 Games} 16. Bf1 Bd7 17. a3 a5 18. Nb1 b5 {[%cal Bb6b5,Bb5b4][%mdl 32] [#]} 19. Nc3 $146 ({Predecessor:} 19. Bd3) 19... b4 20. Na4 Na6 21. Bxa6 {[#] Threatens to win with Bd3.} Bxa4 22. Qxa4 {Black must now prevent Rc6.} Rxa6 23. Rc2 bxa3 24. bxa3 Qe8 25. Qb3 Qb8 26. Qa4 Rc8 27. Rac1 Rxc2 28. Rxc2 Ra8 29. Rc3 Qe8 30. Qc2 a4 31. Ne1 {The position is equal.} Qb5 32. Nd3 Rb8 33. Kg2 Bf8 34. h4 {Precision: White = 60%, Black = 73%.} 1/2-1/2

[Event "EICC 2019"]
[Site "Skopia"]
[Date "2019.03.21"]
[Round "4.41"]
[White "Sadikhov, Ulvi"]
[Black "Anton Guijarro, David"]
[Result "0-1"]
[WhiteElo "2488"]
[BlackElo "2643"]
[Annotator "TA"]
[PlyCount "96"]
[EventDate "2019.03.18"]
[EventType "swiss"]
[EventCountry "MKD"]
[SourceTitle "playchess.com"]
[Source "ChessBase"]
[SourceQuality "1"]

{[%evp 9,96,2,7,0,0,-28,-21,-40,-29,-37,-34,-37,-31,-39,-16,-55,-22,-39,0,-80,-75,-80,-77,-96,-77,-88,-87,-90,-79,-125,-99,-122,-117,-115,-94,-92,-98,-100,-94,-92,-87,-91,-83,-83,-83,-91,-45,-48,-48,-48,-51,-58,-37,-70,-70,-70,-80,-80,-90,-100,-118,-103,-108,-157,-155,-148,-150,-172,-164,-214,-202,-417,-418,-339,-324,-303,-313,-573,-572,-589,-371,-1234,-1254,-2783,-2359,-2737,-2662,-2464,-1926]} 1. e4 e5 2. Nf3 Nc6 3. Bb5 a6 4. Ba4 Nf6 5. Nc3 Bc5 6. d3 {C77: Ruy Lopez: 3...a6 4 Ba4 Nf6, unusual lines} (6. Bxc6 dxc6 7. d3 Qd6 8. h3 Be6 9. Be3 Nd7 10. Bxc5 Nxc5 11. Qd2 Nd7 12. d4 exd4 13. Nxd4 c5 14. Nxe6 fxe6 {1-0 (76) Carlsen,M (2835)-Anand,V (2773) Wijk aan Zee 2019}) 6... d6 7. Nd5 Nxd5 8. exd5 {The position is equal.} b5 9. dxc6 {aiming for Bb3.} bxa4 10. c3 a3 $146 ({Predecessor:} 10... Qf6 11. Be3 Bg4 12. h3 Bxf3 13. Qxf3 Qxf3 14. gxf3 Bxe3 15. fxe3 {½-½ (52) Fressinet,L (2654)-Delchev,A (2613) Heraklio 2007}) 11. b4 Bb6 12. Be3 Rb8 13. d4 e4 14. Ng5 (14. Nd2 $11 {keeps the balance.}) 14... O-O $17 15. Qh5 {[%csl Gg5][%cal Rh5h7]} h6 16. Nh3 (16. Nxe4 $2 f5 $19) 16... Ba7 17. Nf4 Rb5 18. Qd1 {[#]} d5 $1 19. h4 Qd6 20. Qa4 Qxc6 21. Qxa3 Qd6 22. Qc1 Bg4 23. a3 c6 24. Ne2 Qf6 25. Bf4 a5 26. Be5 Qe6 27. Qe3 Bxe2 28. Qxe2 Bb8 29. Bxb8 Rbxb8 30. O-O Ra8 {[%cal Bb8a8,Ba8a7,Ba7c7,Bc7c4][%mdl 32]} 31. Rfb1 f5 32. f4 Ra7 33. h5 Rfa8 34. b5 cxb5 35. Rxb5 Rc7 36. Qe3 Rac8 37. Rc1 a4 38. Rb4 Rc4 39. Rb7 Qc6 40. Ra7 $2 (40. Rb4) 40... Qb6 $19 41. Rd7 Qb2 {[%cal Rc4c3]} 42. Qe1 Rxc3 43. Rxc3 $2 (43. Rd8+ {was the only chance.} Rxd8 44. Rxc3) 43... Qxc3 44. Qxc3 Rxc3 45. Rxd5 $2 (45. Rd8+ Kf7 46. Rxd5) 45... Rxa3 {Black is clearly winning.} 46. Rxf5 {KR-KR} Ra1+ 47. Kf2 {[#]} a3 $1 {[%cal Ba4a3,Ba3a2][%mdl 32]} 48. Ra5 a2 {Accuracy: White = 44%, Black = 83%.} 0-1

[Event "EICC 2019"]
[Site "Skopia"]
[Date "2019.03.21"]
[Round "4.42"]
[White "Sargsyan, Shant"]
[Black "Hovhannisyan, Robert"]
[Result "0-1"]
[WhiteElo "2488"]
[BlackElo "2634"]
[Annotator "TA"]
[PlyCount "178"]
[EventDate "2019.03.18"]
[EventType "swiss"]
[EventCountry "MKD"]
[SourceTitle "playchess.com"]
[Source "ChessBase"]
[SourceQuality "1"]

{[%evp 13,178,25,27,32,28,20,21,21,21,24,25,16,25,15,19,16,22,22,17,0,0,-16,0,0,0,0,18,0,16,6,17,0,-1,-3,12,-12,-14,-14,-11,-20,0,-56,-56,-58,-51,-63,-33,-53,-53,-53,-53,-53,-53,-55,-55,-53,-43,-47,-52,-58,-61,-45,-8,-8,-10,-10,0,-10,-11,-66,-64,-62,-8,-8,-8,-8,0,0,0,0,0,-12,0,-3,0,-21,-8,-18,0,-35,0,-278,-277,-259,-263,-263,-8,-256,-249,-241,-96,-95,-88,-91,-90,-137,-136,-130,-80,-114,-39,-130,-120,-126,-131,-154,-145,-139,-126,-210,-208,-210,-207,-199,-191,-206,-206,-203,-208,-188,-183,-184,-183,-182,-179,-174,-174,-270,-232,-234,-216,-206,-169,-300,-294,-542,-531,-532,-525,-481,-279,-605,-485,-377,0,-550,-537,-595,-562,-29987,-29988,-29989,-29977,-29987,-29984,-29996,-29997]} 1. d4 d5 2. c4 c6 3. cxd5 cxd5 4. Bf4 Nc6 5. e3 Nf6 6. Nc3 Bf5 7. Qb3 Na5 8. Qa4+ {D10: Slav Defence: 3 cxd5 (without early Nf3) and 3 Nc3} Bd7 9. Qc2 e6 10. Bd3 {The position is equal.} Nh5 (10... Be7 11. Nf3 Rc8 12. O-O Nc6 13. Qe2 Nh5 14. Be5 O-O 15. h3 f5 {1-0 (38) Korobov,A (2694)-Rodshtein,M (2674) Czech Republic 2018}) 11. Be5 Nc6 12. Qe2 Nxe5 13. dxe5 g6 14. Nf3 Bb4 15. O-O $146 O-O 16. a3 Ba5 17. Nb5 Bxb5 18. Bxb5 a6 19. Ba4 Rc8 20. Rfd1 Qc7 21. b4 Bb6 22. Qe1 Ng7 {[%cal Bh5g7,Bg7f5,Bf5d4][%mdl 32]} 23. Rac1 Qb8 24. e4 dxe4 25. Qxe4 Qa7 26. Rc2 Nf5 27. g4 (27. Rd7 $11) 27... Rxc2 $15 28. Qxc2 Nd4 29. Qe4 {[%cal Rf3d4]} Rd8 30. Ng5 Qb8 $1 31. Kg2 h6 32. Nf3 Nxf3 33. Qxf3 Rxd1 34. Bxd1 Qxe5 35. Qxb7 Bc7 36. Qxa6 Qxh2+ 37. Kf1 Qh3+ 38. Ke1 $132 {[%mdl 2048] Black must now prevent Qc8+. White is fighting back} Qc3+ 39. Kf1 Qh3+ 40. Ke1 {Qc8+ is the strong threat.} Qh1+ 41. Ke2 ({Better is} 41. Qf1 $11 Qd5 42. Qh3) 41... Qe4+ 42. Kf1 Be5 (42... Kg7 $1 $15) 43. Qc8+ $11 Kg7 {Strongly threatening ...Qd3+.} 44. Qc2 Qh1+ 45. Ke2 h5 46. gxh5 $1 Qxh5+ 47. Ke1 Qh1+ 48. Ke2 Qh5+ 49. Ke1 Qh3 50. Qb3 Bc3+ 51. Ke2 g5 {[%cal Bg6g5,Bg5g4][%mdl 32]} 52. b5 $2 {[%mdl 8192]} (52. Qc4 $11 {and White has nothing to worry.}) 52... g4 $19 {( -> ...Qf3+)} 53. b6 Qf3+ 54. Kf1 Qh1+ 55. Ke2 Ba5 $1 {And now ...f5 would win.} ({Less strong is} 55... Qe1+ 56. Kd3 $15) 56. Kd3 {[#]} (56. b7 {leads to mate.} Qe1+ 57. Kd3 Qd2+ 58. Ke4 f5+ 59. Ke5 Bc7+ 60. Kxe6 Qd6+ 61. Kxf5 Qg6#) 56... Bxb6 (56... f5 $1 $19 {[%csl Gf5][%cal Rh1e4]} 57. f3 gxf3) 57. Bxg4 $17 Qf1+ {[%mdl 64] Double Attack} 58. Be2 Qxf2 59. Qc3+ f6 {[%cal Bf7f6,Bf6f5][%mdl 32]} 60. Qc4 Qe3+ 61. Kc2 Bd4 ({Reject} 61... Qxa3 $6 62. Qxe6 Qc5+ 63. Bc4 $11) ({Black should play} 61... f5 $17 62. Qc3+ Qxc3+ 63. Kxc3 e5) 62. Qc7+ (62. a4 $15) 62... Kg6 63. Bd3+ f5 64. Qd8 Bf6 65. Qg8+ Kh6 66. Qg2 {[#]} (66. Qf8+ $17 {is a better defense.} Kg6 67. Qg8+ Kh5 68. Qh7+ Kg5 69. Qg8+ Kh4 70. Qh7+ Kg5 71. Qg8+ Kh6 72. Qf8+ Kg6 73. Qe8+ Kh6 74. Qf8+) 66... Qc5+ $1 $19 67. Kd1 Qxa3 68. Qh3+ Kg7 69. Ke2 Qb2+ 70. Kf1 Qc1+ 71. Ke2 Qc5 72. Qg2+ Kf7 73. Qh2 Kg6 74. Qb8 Qd5 {Threatens to win with ...e5.} 75. Qe8+ (75. Qg3+ $142 Kf7 76. Qf4) 75... Kg7 76. Qb5 Qg2+ 77. Kd1 {intending Qd7+.} Qf3+ 78. Kc2 (78. Be2 {was forced.} Qh1+ 79. Kc2 Qe4+ 80. Qd3) 78... e5 {[%cal Be6e5,Be5e4][%mdl 32]} 79. Bc4 $2 (79. Be2 Qf2 80. Qd7+ Kg6 81. Qd2) 79... e4 80. Qd5 {and if Qf7+ works, White does fine.} Kh6 81. Qd2+ Kg6 (81... f4 $142 82. Qh2+ Kg6 83. Qg1+ Kh7 84. Qh2+ Kg7 85. Qg1+ Kh6 86. Qh2+ Kg7 87. Qg1+ Kh6 88. Qh2+) 82. Qd5 $2 (82. Bb5) 82... Kg5 83. Qd2+ Kg6 (83... f4 $142 84. Be2 Qg2) 84. Qd5 $1 Qf2+ 85. Kd1 Kg5 86. Qc6 Qd4+ {Black mates.} 87. Ke2 f4 88. Qb5+ Kh4 89. Kf1 Qd1+ {Accuracy: White = 48%, Black = 65%.} 0-1

[Event "EICC 2019"]
[Site "Skopia"]
[Date "2019.03.21"]
[Round "4.43"]
[White "Fridman, Daniel"]
[Black "Plenca, Jadranko"]
[Result "1-0"]
[WhiteElo "2633"]
[BlackElo "2487"]
[Annotator "TA"]
[PlyCount "97"]
[EventDate "2019.03.18"]
[EventType "swiss"]
[EventCountry "MKD"]
[SourceTitle "playchess.com"]
[Source "ChessBase"]
[SourceQuality "1"]

{[%evp 22,97,20,1,11,19,24,0,26,8,28,30,75,68,60,66,77,81,93,83,93,85,96,69,108,71,56,68,97,90,100,85,93,95,135,96,96,96,94,104,99,91,130,135,229,222,345,345,345,327,289,248,289,169,185,189,402,422,407,407,391,381,365,345,639,639,639,639,632,632,632,627,621,591,816,787,731,662]} 1. d4 d5 2. c4 e6 3. Nc3 Be7 4. cxd5 exd5 5. Bf4 Nf6 6. e3 O-O 7. Bd3 c5 8. dxc5 Bxc5 9. Nge2 Nc6 10. O-O d4 11. exd4 Nxd4 12. Nxd4 Bxd4 {D35: Queen's Gambit Declined: Exchange Variation} 13. Nb5 Bb6 14. Nd6 Bg4 {The position is equal.} 15. Be2 (15. Qb3 {is interesting.} Ne8 16. Ne4 Nc7 17. Bg3 Be6 18. Bc4) 15... Bxe2 16. Qxe2 Nd5 $146 ({Predecessor:} 16... Qd7 17. Rad1 Bc5 18. Qf3 b6 19. Be5 Qe6 20. Rfe1 {½-½ (44) Sarwinski,M (2345)-Goldin,A (2465) Naleczow 1987}) 17. Bg3 Qf6 18. Qe4 Ne7 19. Qxb7 Ng6 20. Nc4 Bd4 21. Rad1 Rad8 22. Rd2 Rfe8 23. Qf3 Qxf3 24. gxf3 Bc5 25. Rfd1 Rc8 26. Kg2 h5 27. b3 h4 28. Nd6 hxg3 29. Nxc8 Rxc8 30. Rd8+ ({Much worse is} 30. Kxg3 $6 Bb6 $11) 30... Rxd8 31. Rxd8+ Nf8 32. fxg3 f6 (32... g6 $16 33. Rb8 a5) 33. Rc8 $18 Bd6 (33... Bb4 {might work better.} 34. f4 g6) 34. Ra8 Bc5 35. b4 Bd4 36. Rb8 f5 37. Rd8 (37. a4 $142) 37... Bb6 38. Rd5 g6 $2 (38... f4 39. gxf4 Ng6) 39. a4 {[%cal Ba2a4,Ba4a5,Ba5a6,Ba6a7][%mdl 32]} Kf7 40. a5 Be3 41. Rd3 f4 42. b5 Ke7 $2 {[#]} (42... Ne6 43. b6 axb6) 43. b6 $1 {[%mdl 512] White is clearly winning.} axb6 {[#]} 44. a6 $1 {[%cal Ra6a7]} Ne6 45. a7 Nc7 46. gxf4 Bc5 {[#]} 47. Rd5 $3 {[%mdl 512]} Na8 (47... Nxd5 48. a8=Q) 48. h4 Nc7 49. f5 {Accuracy: White = 87%, Black = 42%.} 1-0